The Mystic Middle Ages (Record no. 11026)

MARC details
000 -CABECERA
campo de control de longitud fija 01092nam a22002897a 4500
001 - NÚMERO DE CONTROL
campo de control BRCA_9404
003 - IDENTIFICADOR DEL NÚMERO DE CONTROL
campo de control FranzMayer
005 - FECHA Y HORA DE LA ÚLTIMA TRANSACCIÓN
campo de control 20230918125335.0
008 - DATOS DE LONGITUD FIJA--INFORMACIÓN GENERAL
campo de control de longitud fija 230904b |||||||| |||| 00| 0 eng d
020 ## - NÚMERO INTERNACIONAL ESTÁNDAR DEL LIBRO
Número Internacional Estándar del Libro 8387730599
040 ## - FUENTE DE LA CATALOGACIÓN
Centro catalogador/agencia de origen MFM
Lengua de catalogación ESPAÑOL
Centro/agencia transcriptor MFM
050 #0 - SIGNATURA TOPOGRÁFICA DE LA BIBLIOTECA DEL CONGRESO
Número de clasificación N7417.3
Número de documento/Ítem S53
110 1# - ENTRADA PRINCIPAL--NOMBRE DE ENTIDAD CORPORATIVA
Código de función/relación Responsable
Nombre de entidad corporativa o nombre de jurisdicción como elemento de entrada Skarby Muzeum
9 (RLIN) 29564
240 ## - TÍTULO UNIFORME
Título uniforme The Mystic Middle Ages
Medio Mistyczne Sredniowiecze
Lenguaje de la obra Inglés/Polaco
245 0# - MENCIÓN DE TÍTULO
Título The Mystic Middle Ages
Resto del título Mistyczne Sredniowiecze
260 ## - PUBLICACIÓN, DISTRIBUCIÓN, ETC.
Lugar de publicación, distribución, etc. Polonia
Nombre del editor, distribuidor, etc. Bosz
300 ## - DESCRIPCIÓN FÍSICA
Extensión 159 p
Otras características físicas ilustraciones a color
Dimensiones 31 cm
500 ## - NOTA GENERAL
Nota general Anexo 1
500 ## - NOTA GENERAL
Nota general El libro contiene una pequeña tarjeta de la embajada de Polonia en México
500 ## - NOTA GENERAL
Nota general El libro no tiene visible o localizable el año de publicación
505 ## - NOTA DE CONTENIDO CON FORMATO
Nota de contenido con formato Texto en: inglés y polacoDirigido a: artistas e historiadores del arte
650 1# - PUNTO DE ACCESO ADICIONAL DE MATERIA--TÉRMINO DE MATERIA
Fuente del encabezamiento o término Artes visuales
Término de materia o nombre geográfico como elemento de entrada Periodos artisticos
Subdivisión de forma Corrientes artisticas
9 (RLIN) 29565
651 2# - PUNTO DE ACCESO ADICIONAL DE MATERIA--NOMBRE GEOGRÁFICO
Fuente del encabezamiento o término Polonia
Nombre geográfico Edad media
Subdivisión de forma Arte polaco
9 (RLIN) 29566
700 1# - PUNTO DE ACCESO ADICIONAL--NOMBRE DE PERSONA
Código de función/relación Fot.
Nombre de persona Samulik, Kryztof
9 (RLIN) 29567
700 1# - PUNTO DE ACCESO ADICIONAL--NOMBRE DE PERSONA
Código de función/relación Trad
Nombre de persona Holzman, Joanna
9 (RLIN) 29568
942 ## - ELEMENTOS DE PUNTO DE ACCESO ADICIONAL (KOHA)
Fuente del sistema de clasificación o colocación Library of Congress Classification
Tipo de ítem Koha Libros
Holdings
Estado de retiro Estado de pérdida Fuente del sistema de clasificación o colocación Estado dañado No para préstamo Código de colección Localización permanente Ubicación/localización actual Fecha de adquisición Total de préstamos Signatura topográfica completa Código de barras Fecha visto por última vez Precio válido a partir de Tipo de ítem Koha
El ejemplar forma parte de la colección y puede ser consultado según las políticas vigentes.   Library of Congress Classification     Fondo Contemporáneo Biblioteca del Museo Franz Mayer (Rogerio Casas-Alatriste) Biblioteca del Museo Franz Mayer (Rogerio Casas-Alatriste) 04/09/2023   N7417.3 S53 CONT10174 04/09/2023 04/09/2023 Libros